000 00878nam a2200313Ia 4500
001 Z_2467
003 CHAP
008 220113s9999 xx 000 0 und d
010 _a165521
020 _a968-25-1283-2
040 _cCHAP
082 _a541.34 F84
100 _aFuentes Hernández, Víctor Octavio
_943858
245 _aFisicoquímica para veterinarios /
_cVíctor Octavio Fuentes Hernández y H. Basurto C.
260 _aMéxico :
_bInteramericana,
_c
300 _av, 333 p.
503 _aej.1. C/E \ ej.2: C/E
650 _aPropiedades fisicoquímicas
_9139393
650 _aQuímica física y teórica
_9132607
650 _aSoluciones
_9139394
650 _aVeterinaria
_9118987
700 _aBasurto Camberos, Héctor, coaut.
_9139395
901 _a541.34 F84
902 _aM
910 _a
942 _c1
942 _cc1
999 _c165521
_d165521